NBA Memes Quiz - Statistics

General Stats
  • This quiz has been taken 30 times
  • The average score is 11 of 12
Answer Stats
Picture Answer % Correct
Jimmy Butler
100%
Lebron James
100%
Russell Westbrook
100%
Shaquille O'Neal
100%
Shaquille O'Neal
100%
James Harden
96%
Kawhi Leonard
96%
Michael Jordan
96%
Michael Jordan
96%
Zion Williamson
93%
Josh Hart
68%
Nick Young
68%
No matching quizzes found
Score Distribution
Percent of People with Each Score
Percentile by Number Answered
Your Score History
You have not taken this quiz